000 00479nam a2200145 a 4500
008 120416s1970 ||||||||||||||||| || u
020 _a0827305486
050 _aT 379 Blu
245 1 0 _aBlueprint reading
246 _aviews
260 _aAlbany, New York
_bDelmar Publisher
_c1970
300 _avii, 56p. : ill.
350 _a0.00
995 _D0.00
_FCBU-MAIN LIBRARY (Kitwe)
_H1
_I7.50
_M1
_UDAMAGED
_ZMain Library Open Access Collection
999 _c36001
_d36001